000 01089nam a22002777a 4500
005 20090316110612.0
008 090316t xxu||||| |||| 00| 0 hin d
010 _aHIN-90997
020 _c300.00
_a8189355007
035 _aHN-63343
037 _bDBAD / PUB
040 _aDPL
_bHN
082 _a943.086
100 _924114
_aबिमला देवी
245 _aअडोल्फ हिटलर /
_cबिमला देवी
246 _aAdolf Hitler
_bby Bimla Devi
260 _aदिल्ली
_bऊर्जा प्रकाशन
_c2010
270 _a1362, अपर मैजेनाइन फ्लोर, कश्मीरी गेट
_bदिल्ली
_e110006
300 _a200पृ.
_c22सेमी (सजिल्द)
650 _91169
700 _924212
700 _924373
700 _924219
942 _2ddc
_cHN
_mबिमला
_h943.086
999 _c48632
_d48632